[Event "Los Angeles Academia"]
[Site "Los Angeles"]
[Date "2019.11.30"]
[Round "7"]
[White "Miranda Alezcano, Luis Andres"]
[Black "Squella Lavin, Carlos Felipe"]
[Result "0-1"]
[WhiteElo "1683"]
[BlackElo "2240"]
[PlyCount "76"]
[EventDate "2019.10.20"]
[EventType "tourn"]
[EventRounds "7"]
[EventCountry "CHI"]
[SourceTitle "EXT 2021"]
[Source "ChessBase"]
[SourceDate "2020.10.23"]
[SourceVersion "1"]
[SourceVersionDate "2020.10.23"]
[SourceQuality "1"]

1. e4 d5 2. exd5 Qxd5 3. Nc3 Qd6 4. Nf3 Nf6 5. Bc4 a6 6. d4 Nc6 7. 0-0 Bg4 8. Qd3 e6 9. a3 Bxf3 10. Qxf3 Qxd4 11. Be2 Bd6 12. Be3 Qh4 13. g3 Qh3 14. Ne4 Nxe4 15. Qxe4 Qf5 16. Qxf5 exf5 17. Bf3 Nd8 18. Bg5 f6 19. Bh5+ Kd7 20. Be3 Nc6 21. Rad1 Rad8 22. Bc5 Kc8 23. Bxd6 Rxd6 24. Rxd6 cxd6 25. Re1 Rd8 26. c3 Kc7 27. Kg2 Rd7 28. f4 Re7 29. Rxe7+ Nxe7 30. Kf3 d5 31. Ke3 Kd6 32. Bf7 Nc6 33. Bg8 h6 34. Bh7 Ne7 35. h3 Ke6 36. g4 g6 37. Kd4 b6 38. b3 Kf7 0-1

[Event "Lebu op 7th"]
[Site "Lebu"]
[Date "2018.03.30"]
[Round "2.10"]
[White "Miranda Alezcano, Luis Andres"]
[Black "Mundaca Bermedo, Tomas Joaquin"]
[Result "1-0"]
[WhiteElo "1681"]
[BlackElo "1178"]
[PlyCount "53"]
[EventDate "2018.03.30"]
[EventType "swiss"]
[EventRounds "5"]
[EventCountry "CHI"]
[SourceTitle "EXT 2024"]
[Source "ChessBase"]
[SourceDate "2023.10.10"]
[SourceVersion "1"]
[SourceVersionDate "2023.10.10"]
[SourceQuality "1"]

1. e4 c5 2. b3 e6 3. Bb2 d6 4. f4 Nd7 5. Nf3 Qc7 6. Bb5 a6 7. Bxd7+ Bxd7 8. 0-0 Qd8 9. d3 Nf6 10. Nbd2 Be7 11. Qe1 0-0 12. e5 dxe5 13. Nxe5 Bc8 14. Qg3 Nh5 15. Qf3 Nf6 16. Rad1 Qd5 17. Ne4 Kh8 18. g4 Nd7 19. Nxd7 Bxd7 20. c4 Qc6 21. f5 Rac8 22. f6 gxf6 23. Bxf6+ Bxf6 24. Qxf6+ Kg8 25. Qh6 Qc7 26. Nf6+ Kh8 27. Qxh7# 1-0